000
00341nam a22001457a 4500
008
221012b ||||| |||| 00| 0 eng d
020
_a
1853151114
041
_a
eng
080
_a
616.9
082
_a
616.9 HAR
100
_a
16.2
101
_a
INFEK
245
_a
MANAGEMENT OF URINARY TRACT INFECTIONS
_c
HARRISON LLOYD
942
_2
udc
_c
BK
999
_c
58507
_d
58507